[Event "Rapperswil Jona op 3rd"]
[Site "Rapperswil"]
[Date "2010.07.04"]
[Round "7"]
[White "Bucher, Samuel"]
[Black "Bosshard, Rolf"]
[Result "1-0"]
[WhiteElo "1729"]
[BlackElo "1761"]
[PlyCount "71"]
[EventDate "2010.07.01"]
[EventType "swiss"]
[EventRounds "7"]
[EventCountry "SUI"]
[SourceTitle "CBM 137 Extra"]
[Source "ChessBase"]
[SourceDate "2010.09.01"]
[SourceVersion "1"]
[SourceVersionDate "2010.09.01"]
[SourceQuality "1"]

1. d4 b6 2. c4 Bb7 3. e3 e6 4. Nf3 f5 5. Be2 Nf6 6. Nc3 Bb4 7. 0-0 Bxc3 8. bxc3 Ne4 9. Qc2 0-0 10. Ba3 d6 11. Rab1 Nd7 12. Nd2 Qg5 13. Nf3 Qh6 14. Ne1 Rf6 15. Bc1 Qg6 16. Bd3 Raf8 17. f3 Ng5 18. Qa4 Qh5 19. Qxd7 Rh6 20. e4 f4 21. Kf2 Qxh2 22. Ke2 Nxe4 23. Bd2 Ng3+ 24. Kd1 Nxf1 25. Bxf1 Qg1 26. Be2 Bc8 27. Qxc7 e5 28. dxe5 dxe5 29. Qxe5 Rd8 30. Qxf4 Rh1 31. Kc2 Qc5 32. Nd3 Rxd3 33. Bxd3 Rh5 34. Rb5 Qa3 35. Rxh5 Qxa2+ 36. Kd1 1-0

[Event "Rapperswil Jona op 3rd"]
[Site "Rapperswil"]
[Date "2010.07.02"]
[Round "2"]
[White "Bucher, Samuel"]
[Black "Keller, Peter"]
[Result "0-1"]
[WhiteElo "1729"]
[BlackElo "1859"]
[PlyCount "62"]
[EventDate "2010.07.01"]
[EventType "swiss"]
[EventRounds "7"]
[EventCountry "SUI"]
[SourceTitle "CBM 137 Extra"]
[Source "ChessBase"]
[SourceDate "2010.09.01"]
[SourceVersion "1"]
[SourceVersionDate "2010.09.01"]
[SourceQuality "1"]

1. d4 f5 2. c4 Nf6 3. Nf3 e6 4. e3 Be7 5. Nc3 d6 6. Qc2 0-0 7. Be2 Qe8 8. Bd2 c6 9. 0-0-0 Na6 10. a3 Nc7 11. h4 b5 12. cxb5 cxb5 13. Nh2 a5 14. Na2 Bb7 15. Bf3 Be4 16. Bxe4 Nxe4 17. Kb1 Rc8 18. Rhf1 Nd5 19. Qb3 a4 20. Qd3 Bxh4 21. f3 Nxd2+ 22. Rxd2 Bg3 23. Rh1 Qc6 24. Rc2 Qxc2+ 25. Qxc2 Rxc2 26. Kxc2 Nxe3+ 27. Kd3 Nxg2 28. Ke2 Nf4+ 29. Kd2 Nd5 30. Nf1 Bf4+ 31. Kd3 e5 0-1